000 00200nam a2200097Ia 4500
008 230206s9999 xx 000 0 und d
041 _aeng
245 _aInternet Guru
260 _bDirect
650 _aIT
999 _c97609
_d97609